Colorful Entertainment - The Blue Episode Quiz Stats

 Plays Quiz not verified by Sporcle

Score 0/20 Timer 03:00
0 Plays Today
% Correct
Man Group
81%
Hawaii
79.3%
Öyster Cult
79.3%
Angels
75.9%
Network
75.9%
Christmas
75.9%
Suede Shoes
74.1%
Bloods
70.7%
Is the Warmest Colour
69%
Beetle
60.3%
% Correct
Valentine
60.3%
Mountain State
51.7%
Meanie
48.3%
Raja
48.3%
Monday
44.8%
Peter
44.8%
Nights
31%
Whale
29.3%
Gold
24.1%
State
24.1%

You're not logged in!

Compare scores with friends on all Sporcle quizzes.
OR
Log In

Sporcle TV

Today on Sporcle TV


Watch our educational content, quiz creation guides, and fun videos on Sporcle TV.

Show Comments

Extras

Top Quizzes Today


Score Distribution

Your Account Isn't Verified!

In order to create a playlist on Sporcle, you need to verify the email address you used during registration. Go to your Sporcle Settings to finish the process.

Report this User

Report this user for behavior that violates our Community Guidelines.

Details: